| 000 | 00762nam a2200193 i 4500 | ||
|---|---|---|---|
| 001 | 163673 | ||
| 003 | ES-MaACL | ||
| 005 | 20250822063219.0 | ||
| 008 | 011210s1884 sp ae |||| | spa d | ||
| 040 |
_aCAM _bspa _cCAM |
||
| 100 | 1 |
_aRoca i Roca, Josep, _d1848-1924 _9159948 |
|
| 245 | 1 | 0 |
_aBarcelona en la mano _b: guía de Barcelona y sus alrededores / _cpor J. Roca y Roca ; ilustrada con grabados foto-litográficos y cinco planos. |
| 260 |
_aBarcelona : _b[s.n.], _c1884 ( _fEnrique López) |
||
| 300 |
_aXVI, 375 p., 5 h. de plan. pleg. : _bil. ; _c15 cm. |
||
| 651 | 4 |
_aBarcelona (Provincia)- _xDescripción. _9153509 |
|
| 651 | 4 |
_aBarcelona- _vGuías turísticas. _97861 |
|
| 852 |
_aES-MaACL _jG-1094 _z- Enc. tela |
||
| 999 |
_c163673 _d163673 |
||